Central-Library-PUMHS

Online Public Access Catalogue

Welcome to PUMHS Central Library Nawabshah, SBA

Nelson essentials of pediatrics (Record no. 37885)

000 -LEADER
fixed length control field 00307nam a22001457a 4500
082 ## - DEWEY DECIMAL CLASSIFICATION NUMBER
Classification number 618.92 MAR
100 ## - MAIN ENTRY--AUTHOR NAME
Personal name Marcdante Karen J
245 ## - TITLE STATEMENT
Title Nelson essentials of pediatrics
250 ## - EDITION STATEMENT
Edition statement 9th Edition
260 ## - PUBLICATION, DISTRIBUTION, ETC. (IMPRINT)
Year of publication 2023
300 ## - PHYSICAL DESCRIPTION
Number of Pages 829
490 ## - SERIES STATEMENT
Series statement 9th Edition
650 ## - SUBJECT ADDED ENTRY--TOPICAL TERM
Topical Term Pediatrics
942 ## - ADDED ENTRY ELEMENTS (KOHA)
Koha item type Books
Holdings
Withdrawn status Lost status Permanent Location Current Location Shelving location Date acquired Source of acquisition Cost, normal purchase price Full call number Accession Number Koha item type
    Central Library New Campus PUMHS Nawabshah,(SBA) Central Library New Campus PUMHS Nawabshah,(SBA) Pediatrics 2026-03-05 M/S Allied Bill No:A-25050055 Date:13-05-25 14291.09 618.92 MAR 41176 Ref Books

Copyright © 2018,The PUMHSW, Nawabshah, Shaheed Benazirabad. All rights reserved
Mr. Abdul Sattar Mahar (Chief Librarian) PUMHSW, Nawabshah, Sindh, Pakistan 67480.
Ph#: | 0244-9370425 Ext. 2241 Email| librarian@pumhs.edu.pk Web| http://www.pumhs.edu.pk
سنڌي ڪي بورڊ